| 000 | 00628cam a2200217 4500500 | ||
|---|---|---|---|
| 005 | 20260405003111.0 | ||
| 041 | _afre | ||
| 042 | _adc | ||
| 100 | 1 | 0 |
_aRontard, Yseult _eauthor |
| 245 | 0 | 0 | _aIn girum imus nocte et consumimur igni |
| 260 | _c2020. | ||
| 500 | _a78 | ||
| 690 | _aAliénation | ||
| 690 | _aGuy Debord | ||
| 690 | _aLibération | ||
| 690 | _aPunk | ||
| 690 | _aQuotidien | ||
| 690 | _aSituationnisme | ||
| 786 | 0 | _nPhilosophie magazine | 141 | 8 | 2020-08-01 | p. 67-67 | 1951-1787 | |
| 856 | 4 | 1 | _uhttps://shs.cairn.info/magazine-philosophie-magazine-2020-8-page-67?lang=fr&redirect-ssocas=7080 |
| 999 |
_c2064382 _d2064382 |
||